000 00691nam a2200241Ia 4500
003 OSt
005 20220926023054.0
006 a|||||r|||| 00| 0
007 ta
008 220923b |||||||| |||| 00| 0 eng d
037 _cGeneral Book
040 _aRTL
_cRTL
_beng
041 _2eng
_aeng
082 _aY9(W), L7
100 _aMayer Lawrence C
_9150151
245 0 _aPolitics in industrial societies
_b A comparative pe
260 _aNew York
_bWiley
_c1977
300 _axi, 388p
_ccm.
650 _aPolitical Sociology
700 _a Burnett John H
_9328627
942 _hY9(W), L7
_cGB
_2CC
999 _c640885
_d640885